000 00690nam a2200217Ia 4500
003 GCL
008 140319s9999 xx 000 0 ara d
040 _aGCL /
_cGCL
082 0 4 _a574.821
_bم ا
100 1 _aمحمود احمد البنهاوى
245 1 0 _aاسس كيمياء الانسجة : الهستوكمسترى النظرى والعملى /
_cمحمود احمد البنهاوى
700 1 _aفهمى ابراهيم خطاب
300 _a318 ص
490 _a
650 0 4 _aالانسجة
650 0 4 _aالخلايا
650 0 4 _aالاعضاء والانسجة
650 0 4 _aالانسجة , علم
650 0 4 _aكيمياء الانسجة
942 _2ddc
_cBK
999 _c48219
_d48219